000 00919cam a2200313 4500
001 J92286
008 090401t1998 xxu||||| |||| 00| 0 eng d
020 _a1899769277
035 _a(Sirsi) u86802
041 _aeng
050 _a347.41067
_c18
100 _aHall, Jean Graham
245 4 _aThe expert witness - CPD study pack
_bJune 1998 edition
250 _a2nd ed.
260 _aReading
_bCollege of Estate Management
_c1998
300 _avi, 42p.
_c30cm.
350 _a22.50
490 _aCollege of Estate Management CPD Study Pack
520 _aDoes not include an Owlion Audio Programme.
520 _aSuperseded by third edition (ISBN 1899769331)
650 _aEVIDENCE
650 _aEXPERT WITNESSES
650 _aEXPERTS REPORTS
690 _aDispute resolution
_96236
700 _aSmith, Gordon D.
710 _aCollege of Estate Management
_9400
942 _n0
948 _c15/06/1998
999 _c97174
_d97174